Martindale: (Record no. 616313)

000 -LEADER
fixed length control field 01876nam a2200313 4500
020 ## - INTERNATIONAL STANDARD BOOK NUMBER
International Standard Book Number 085369429X
040 ## - CATALOGING SOURCE
Transcribing agency NSHS
082 ## - DEWEY DECIMAL CLASSIFICATION NUMBER
Classification number 615.1
Author Mark MAR
245 ## - TITLE STATEMENT
Title Martindale:
Remainder of title the complete drug reference /
Statement of responsibility, etc. edited by Kathleen Parfitt.
250 ## - EDITION STATEMENT
Edition statement 32nd edition.
260 ## - PUBLICATION, DISTRIBUTION, ETC.
Place of publication, distribution, etc. London:
Name of publisher, distributor, etc. Pharmaceutical Press,
Date of publication, distribution, etc. 1999.
300 ## - PHYSICAL DESCRIPTION
Extent Three volumes set (2315 pages);
Other physical details illustrations;
Dimensions 29 cm.
500 ## - GENERAL NOTE
General note DC010226
520 ## - SUMMARY, ETC.
Summary, etc. Martindale: The Complete Drug Reference is an authoritative and comprehensive reference work that provides detailed, evidence-based information on medicines used worldwide. It includes monographs on prescription drugs, over-the-counter medicines, herbal products, and investigational substances, covering their chemical properties, pharmacology, therapeutic uses, dosage, adverse effects, drug interactions, and regulatory status in different countries. Published by Pharmaceutical Press, it serves as an essential resource for pharmacists, physicians, researchers, and healthcare professionals, especially for identifying international drug names, comparing formulations, and supporting safe and effective clinical decision-making.
546 ## - LANGUAGE NOTE
Language note English.
650 #0 - SUBJECT ADDED ENTRY--TOPICAL TERM
Topical term or geographic name entry element Drugs
Form subdivision Dictionaries.
9 (RLIN) 133860
650 #0 - SUBJECT ADDED ENTRY--TOPICAL TERM
Topical term or geographic name entry element Chemotherapy
9 (RLIN) 93699
650 #0 - SUBJECT ADDED ENTRY--TOPICAL TERM
Topical term or geographic name entry element Drug Therapy
9 (RLIN) 133867
650 #2 - SUBJECT ADDED ENTRY--TOPICAL TERM
Topical term or geographic name entry element Drug-Related Side Effects and Adverse Reactions
Geographic subdivision Great Britain.
9 (RLIN) 133868
650 #0 - SUBJECT ADDED ENTRY--TOPICAL TERM
Topical term or geographic name entry element Pharmacopoeias as Topic
Form subdivision Compendium.
9 (RLIN) 133869
650 #0 - SUBJECT ADDED ENTRY--TOPICAL TERM
Topical term or geographic name entry element Pharmacology
Form subdivision Handbooks, manuals, etc.
9 (RLIN) 133864
650 #0 - SUBJECT ADDED ENTRY--TOPICAL TERM
Topical term or geographic name entry element Medicine
Form subdivision Handbooks, manuals, etc.
9 (RLIN) 133865
650 #0 - SUBJECT ADDED ENTRY--TOPICAL TERM
Topical term or geographic name entry element Drugs - Handbooks, manuals, etc.
9 (RLIN) 133871
650 #0 - SUBJECT ADDED ENTRY--TOPICAL TERM
Topical term or geographic name entry element Pharmacology - Reference works.
9 (RLIN) 133334
650 #0 - SUBJECT ADDED ENTRY--TOPICAL TERM
Topical term or geographic name entry element Materia medica - Handbooks, manuals, etc.
9 (RLIN) 133872
700 1# - ADDED ENTRY--PERSONAL NAME
Personal name Parfitt, Kathleen
9 (RLIN) 133332
942 ## - ADDED ENTRY ELEMENTS (KOHA)
Source of classification or shelving scheme
Koha item type Book
Holdings
Withdrawn status Lost status Source of classification or shelving scheme Damaged status Not for loan Permanent Location Current Location Shelving location Date acquired Source of acquisition Cost, normal purchase price Full call number Barcode Date last seen Copy number Cost, replacement price Price effective from Koha item type
        In Processing NUST School of Health Sciences (NSHS) NUST School of Health Sciences (NSHS) Reference 02/20/2026 Donation 3000.00 R 615.1 MAR NSHS-2141 02/20/2026 v.3 6000.00 02/20/2026 Book
        In Processing NUST School of Health Sciences (NSHS) NUST School of Health Sciences (NSHS) Reference 02/20/2026 Donation 3000.00 R 615.1 MAR NSHS-2139 02/20/2026 v.1 6000.00 02/20/2026 Book
        In Processing NUST School of Health Sciences (NSHS) NUST School of Health Sciences (NSHS) Reference 02/23/2026 Donation 3000.00 R 615.1 MAR NSHS-2140 02/23/2026 v.2 6000.00 02/23/2026 Book
© 2023 Central Library, National University of Sciences and Technology. All Rights Reserved.